00428nam a2200169Ia 450000500170000000800410001702000180005804100080007608200150008410000160009924500380011525000110015326000410016430000090020550000280021470000160024220251121153240.0230125s9999 xx 000 0 und d a9788184956528 aeng a158.1bVAS aVaswani J P a100 Stories You will never forget aEd.1st c2016bJaico Publishing HouseaMumbai a204p aPersonality Development aVaswani J P